Zásady tvorby oznamu pre masmédiá

Oznam pre médiá patrí medzi významné marketingové komunikačné nástroje podnikov cestovného ruchu a je súčasťou práce s verejnosťou. Koncipovanie oznamu pre masmédiá. Distribúcia oznamu premasmédiá. Formulácia 14 zásad tvorby oznamu pre masmédiá.

Enregistré dans:
Détails bibliographiques
Auteur principal: Makovník, Tomáš
Format: Chapitre de livre
Langue:slovaque
Sujets:
Tags: Ajouter un tag
Pas de tags, Soyez le premier à ajouter un tag!

MARC

LEADER 00000naa$a2200000$$$4500
001 0001608
005 20230724111605.9
041 0 |a slo 
044 |a SK 
245 1 0 |a Zásady tvorby oznamu pre masmédiá  |c aut. Tomáš Makovník 
520 |a Oznam pre médiá patrí medzi významné marketingové komunikačné nástroje podnikov cestovného ruchu a je súčasťou práce s verejnosťou. Koncipovanie oznamu pre masmédiá. Distribúcia oznamu premasmédiá. Formulácia 14 zásad tvorby oznamu pre masmédiá. 
610 2 0 |a podnik ruchu cestovného 
610 2 0 |a komunikácia masová 
610 2 0 |a prostriedky masovokomunikačné 
610 2 0 |a práca s verejnosťou 
100 1 |a Makovník, Tomáš